Les équipes ayant battu la France au Football - Statistiques

Statistiques générales
  • Ce quiz a été pris 178 fois
  • Le résultat moyen est 27 sur 35
Statistiques - réponses
Année Match Score Adversaire % Correct
Coupe du Monde ⭐ 2022 Finale 3-3 AP Argentine
99%
Coupe du Monde ⭐ 1978 Poules 1-2 Argentine
99%
Coupe du Monde ⭐ 1930 Poules 0-1 Argentine
99%
Coupe du Monde ⭐ 2014 Quarts 0-1 Allemagne
97%
Coupe du Monde ⭐ 1986 Demies 0-2 Allemagne de l'Ouest
97%
Coupe du Monde ⭐ 1982 Demies 3-3 AP Allemagne de l'Ouest
97%
Championnat d'Europe (Euro) 🏆 2024 Demies 1-2 Espagne
97%
Championnat d'Europe (Euro) 🏆 2012 Quarts 0-2 Espagne
97%
Coupe du Monde ⭐ 2006 Finale 1-1 AP Italie
97%
Coupe du Monde ⭐ 1978 Poules 1-2 Italie
97%
Coupe du Monde ⭐ 1938 Quarts 1-3 Italie
97%
Championnat d'Europe (Euro) 🏆 2008 Poules 0-2 Italie
97%
Championnat d'Europe (Euro) 🏆 2016 Finale 0-1 Portugal
95%
Coupe du Monde ⭐ 1958 Demies 2-5 Brésil
92%
Championnat d'Europe (Euro) 🏆 2020 Huitièmes 3-3 AP Suisse
91%
Coupe du Monde ⭐ 1966 Poules 0-2 Angleterre
86%
Championnat d'Europe (Euro) 🏆 2008 Poules 1-4 Pays-Bas
80%
Championnat d'Europe (Euro) 🏆 2000 Poules 2-3 Pays-Bas
80%
Championnat d'Europe (Euro) 🏆 2012 Poules 0-2 Suède
78%
Coupe du Monde ⭐ 1966 Poules 1-2 Uruguay
76%
Coupe du Monde ⭐ 2002 Poules 0-2 Danemark
75%
Championnat d'Europe (Euro) 🏆 1992 Poules 1-2 Danemark
75%
Coupe du Monde ⭐ 2010 Poules 0-2 Mexique
73%
Coupe du Monde ⭐ 2022 Poules 0-1 Tunisie
73%
Championnat d'Europe (Euro) 🏆 2004 Quarts 0-1 Grèce
68%
Coupe du Monde ⭐ 2010 Poules 1-2 Afrique du Sud
67%
Coupe du Monde ⭐ 2002 Poules 0-1 Sénégal
62%
Coupe du Monde ⭐ 1958 Poules 2-3 Yougoslavie
54%
Coupe du Monde ⭐ 1954 Poules 0-1 Yougoslavie
54%
Championnat d'Europe (Euro) 🏆 1968 Quarts 2-6 Yougoslavie
54%
Championnat d'Europe (Euro) 🏆 1960 Demies 4-5 Yougoslavie
54%
Championnat d'Europe (Euro) 🏆 1964 Quarts 2-5 Hongrie
52%
Coupe du Monde ⭐ 1934 Huitièmes 2-3 Autriche
48%
Coupe du Monde ⭐ 1930 Poules 0-1 Chili
44%
Championnat d'Europe (Euro) 🏆 1996 Demies 0-0 AP République Tchèque
41%
Aucun quiz correspondant
Distribution des résultats
% des personnes avec chaque résultat
Percentile par nombre de réponses
Votre historique - résultats
Vous n’avez pas pris ce quiz